Most Watched US Television Finales - Statistics

General Stats
  • This quiz has been taken 87 times
    24 since last reset
  • The average score is 7 of 20
Answer Stats
Year Viewers Answer % Correct
2004 53M Friends
89%
1983 106M M.A.S.H.
89%
1998 76M Seinfeld
78%
1993 84M Cheers
72%
1979 40M All in the Family
56%
1994 24M Full House
44%
1992 44M The Cosby Show
44%
1991 33M Dallas
39%
2004 34M Frasier
33%
1989 36M Family Ties
28%
1999 36M Home Improvement
22%
1984 31M Happy Days
17%
1988 23M St. Elsewhere
17%
1992 27M The Golden Girls
17%
2005 33M Everybody Loves Raymond
11%
1988 51M Magnum, P.I.
6%
1975 31M Gunsmoke
0%
1994 22M L.A. Law
0%
1992 22M MacGyver
0%
2010 31M Star Trek: The Next Generation
0%
No matching quizzes found
Score Distribution
Percent of People with Each Score
Percentile by Number Answered
Your Score History
You have not taken this quiz since the last reset